00964 a2200265 4500001000700000020001500007040003200022090001300054100002000067245003700087250001400124260001300138300003100151362000900182490003400191520015100225650002200376650002600398650003200424650002200456942000700478952009700485952009700582999001900679124106 a0439160103 cEscola Canadense de Niteroi aS6 - BAR aBarbo, Maria S.10aScooby-Doo!: the catnapped caper a1st. ed.  aNew York a24 p.c5 x 0.25 x 9 inches0 a20000 aScooby-Doo! Picture Clue Book aIn the midst of searching for Mrs. Blake's missing cat, Thelma looses her glasses and now Scooby and the gang are in search of two missing items.  4aDetective Stories 4aChildren's Literature 4aMystery, Thriller or Terror 4aSolving Mysteries cBK 00104070a80.1b80.1d2024-02-09l0oS6 - BARpA09164r2024-02-09 21:20:25w2024-02-09yBK 00104070a80.1b80.1d2024-02-09l0oS6 - BARpA21462r2024-02-09 21:20:25w2024-02-09yBK c124106d124106